000 00326nam a2200109Ia 4500
008 230206s9999 xx 000 0 und d
022 _a1939-7011
041 _aeng
100 _aGupta O K, Ed. & Agrawal S, Ed.
_9119222
245 _aInternational : AIMS International Journal of Management
260 _bAIMS International
_aU.S.A.
999 _c97673
_d97673